Poisonwood Bible Trivia Quiz Stats

 Plays Quiz not verified by Sporcle

Challenge
Share
Tweet
Embed
Score 0/20 Timer 10:00
0 Plays Today
% Correct
Eisenhower
94.2%
Price
93.9%
Orleanna
92.5%
Mother May I?
92.5%
Adah
92.3%
Rachel
92%
Leah
91.5%
Kilanga
91.5%
Methuselah
91%
Ruth May
89.6%
% Correct
Axelroot
88.4%
Anatole
85%
Mama Mwanza
84.5%
Equatorial
83.5%
Tata Kuvudundu
81.4%
Tata Ndu
80.1%
Green mamba
77.7%
Nathan
76.8%
Lumumba
72.6%
Brother Fowles
68.3%

You're not logged in!

Compare scores with friends on all Sporcle quizzes.
Join for Free
OR
Log In

You Might Also Like...

Show Comments

Extras

Created Apr 3, 2013ReportNominate
Tags:Bible Quiz, Clickable Quiz

Top Quizzes Today


Score Distribution

Your Account Isn't Verified!

In order to create a playlist on Sporcle, you need to verify the email address you used during registration. Go to your Sporcle Settings to finish the process.

Report this User

Report this user for behavior that violates our Community Guidelines.

Details: